000 00482nam a2200193Ia 4500
003 GCL
008 140319s9999 xx 000 0 eng d
040 _aGCL /
_cGCL
082 0 4 _a747.77
_bA I
100 1 _aATKINSON, SCOTT
245 1 0 _aIDEAS FOR GREAT BEDROOMS /
_cATKINSON, SCOTT
260 _a[S.N] :
_bSUNSET PUBLISHING COPERATION
300 _a96 P
650 0 4 _aBEDROOMS
650 0 4 _aINTERIOR DECORATION
650 0 4 _aARTS
650 0 4 _aDECORATION
942 _2ddc
_cBK
999 _c13814
_d13814